| 000 | 00785cam a22002533a 4500 | ||
|---|---|---|---|
| 001 | 27375 | ||
| 003 | PGUSA | ||
| 005 | 20140828083606.0 | ||
| 008 | 081201s2008||||xxu|||||s|||||000 | eng d | ||
| 040 |
_aPGUSA _beng |
||
| 042 | _adc | ||
| 050 | 4 | _aPR | |
| 100 | 1 |
_aPain, Barry, _d1864-1928 |
|
| 245 | 1 | 0 |
_aIf Winter Don't : _bA B C D E F Notsomuchinson _h[electronic resource] / _cBarry Pain |
| 260 |
_bProject Gutenberg, _c2008 |
||
| 500 | _aParody of A.S.M. Hutchinson's If winter comes. | ||
| 506 | _aPublic domain in the USA. | ||
| 516 | _aElectronic text | ||
| 653 | _aHutchinson, A. S. M. (Arthur Stuart-Menteth), 1880-1971. If winter comes | ||
| 653 | _aParodies | ||
| 830 | 0 |
_aProject Gutenberg _v27375 |
|
| 856 | 4 | 0 | _uhttp://www.gutenberg.org/ebooks/27375 |
| 942 | _cEB | ||
| 999 |
_c256630 _d256630 |
||